Normal view
MARC view
- WINDOWS 2000 SERVER
Entry Topical Term
001 - CONTROL NUMBER
- control field: 61421
003 - CONTROL NUMBER IDENTIFIER
- control field: NUST
005 - DATE AND TIME OF LATEST TRANSACTION
- control field: 20210628202741.0
008 - FIXED-LENGTH DATA ELEMENTS
- fixed length control field: 210628|| aca||aabn | a|a d
040 ## - CATALOGING SOURCE
- Original cataloging agency: NUST
- Transcribing agency: NUST
150 ## - HEADING--TOPICAL TERM
- Topical term or geographic name entry element: WINDOWS 2000 SERVER
670 ## - SOURCE DATA FOUND
- Source citation: Work cat.: (NUST): Niit 5329, Working with windows 2000 server, 2003
